Positioning-The Battle for Your Mind (Chinese Edition) / (Record no. 591779)
[ view plain ]
| 000 -LEADER | |
|---|---|
| fixed length control field | 00426nam a22001337a 4500 |
| 020 ## - INTERNATIONAL STANDARD BOOK NUMBER | |
| International Standard Book Number | 9787111326403 |
| 082 ## - DEWEY DECIMAL CLASSIFICATION NUMBER | |
| Classification number | 659.1 |
| Author Mark | RIE |
| 100 ## - MAIN ENTRY--PERSONAL NAME | |
| Personal name | Ries, Al; Trout, Jack |
| 245 ## - TITLE STATEMENT | |
| Title | Positioning-The Battle for Your Mind (Chinese Edition) / |
| Statement of responsibility, etc. | Al Ries ; Jack Trout |
| 260 ## - PUBLICATION, DISTRIBUTION, ETC. | |
| Place of publication, distribution, etc. | Singapore : |
| Name of publisher, distributor, etc. | China Machine Press, |
| Date of publication, distribution, etc. | 2011. |
| 300 ## - PHYSICAL DESCRIPTION | |
| Extent | 299 p. ; |
| Dimensions | 24 cm. |
| 880 ## - ALTERNATE GRAPHIC REPRESENTATION | |
| Linkage | 245-02\r |
| Title | 定位-为你的思想而战 / |
| 942 ## - ADDED ENTRY ELEMENTS (KOHA) | |
| Source of classification or shelving scheme | |
| Koha item type | Book |
| Withdrawn status | Lost status | Source of classification or shelving scheme | Damaged status | Not for loan | Permanent Location | Current Location | Shelving location | Date acquired | Source of acquisition | Total Checkouts | Full call number | Barcode | Date last seen | Price effective from | Koha item type |
|---|---|---|---|---|---|---|---|---|---|---|---|---|---|---|---|
| Central Library (CL) | Central Library (CL) | Chinese Studies | 10/13/2022 | Donated by China Embassy | 659.1 RIE | CL-D-2080 | 10/13/2022 | 10/13/2022 | Book |
